Basketball players - Statistics

General Stats
  • This quiz has been taken 162 times
  • The average score is 9 of 11
Answer Stats
Picture Answer % Correct
Lebron James
99%
Kobe Bryant
97%
Stephen Curry
97%
Shaquille O'Neal
93%
Luka Doncic
91%
Michal Jordan
91%
Nikola Jokic
90%
Giannis Antetokounmpo
82%
Kareem Abdul-Jabbar
76%
Dirk Nowitzki
73%
Dennis Schröder
62%
No matching quizzes found
Score Distribution
Percent of People with Each Score
Percentile by Number Answered
Your Score History
You have not taken this quiz